Top 15 Covid-19 getroffen landen - 10 november 2021 - Statistieken

Algemene statistieken
  • Deze quiz is 5 keer genomen
  • De gemiddelde score is 11 van 27
Antwoordstatistieken
land % Correct
Duitsland
100%
Nederland
100%
Rusland
100%
Spanje
100%
België
80%
Frankrijk
80%
Italië
80%
Verenigde Staten
80%
Verenigd Koninkrijk
80%
India
60%
Brazilië
40%
Colombia
40%
Mexico
40%
Turkije
40%
Argentinië
20%
Indonesië
20%
Iran
20%
Kroatië
20%
Slovenië
20%
Tsjechië
20%
Bahrein
0%
Estland
0%
Georgië
0%
Israël
0%
Letland
0%
Litouwen
0%
Servië
0%
Geen overeenkomende quizzen gevonden
Scoreverdeling
Procent van Mensen met Elke Score
Percentiel versus Aantal Correcte Antwoorden
Uw Scoregeschiedenis
U heeft deze quiz nog niet genomen